| 000 | 01184cam a2200337 a 4500 | ||
|---|---|---|---|
| 001 | 16250985 | ||
| 005 | 20221005162219.0 | ||
| 008 | 100525s2011 enka b 001 0 eng | ||
| 010 | _a 2010021807 | ||
| 020 | _a9780415779784 (hardback) | ||
| 020 | _a9780415779791 (pbk.) | ||
| 020 | _a9780203838273 (ebook) | ||
| 040 |
_aDLC _cDLC _dDLC |
||
| 042 | _apcc | ||
| 050 | 0 | 0 |
_aH97.7 _b.M34 2011 |
| 082 | 0 | 0 |
_a320.6 _bMCG |
| 100 | 1 |
_aMcGann, James G. _999174 |
|
| 245 | 1 | 0 |
_aGlobal think tanks : _bpolicy networks and governance / _cJames G. McGann, with Richard Sabatini. |
| 260 |
_aLondon ; _aNew York : _bRoutledge, _c2011. |
||
| 300 |
_axxi, 161 p. : _bill. ; _c23 cm. |
||
| 490 | 0 |
_aRoutledge global institutions ; _v47 |
|
| 504 | _aIncludes bibliographical references (p. [143]-155) and index. | ||
| 650 | 0 |
_aPolicy networks. _999175 |
|
| 650 | 0 |
_aPolicy sciences. _95497 |
|
| 650 | 0 |
_aResearch institutes. _932851 |
|
| 650 | 0 |
_aComparative government. _91703 |
|
| 700 | 1 |
_aSabatini, Richard. _999176 |
|
| 906 |
_a7 _bcbc _corignew _d1 _eecip _f20 _gy-gencatlg |
||
| 942 |
_2ddc _cBK |
||
| 999 |
_c591512 _d591512 |
||